Statistics for Top US Immigration Source Countries With Exception

Click here to take the quiz!

General Stats

  • This quiz has been taken 102 times
  • The average score is 9 of 10

Answer Stats

PopulationBirth Country% Correct
11,584,977Mexico
100%
677,231Colombia
95%
1,144,024Cuba
95%
840,192Canada
91%
1,252,067El Salvador
91%
533,598Honduras
90%
593,980Haiti
87%
902,293Guatemala
86%
714,743Jamaica
85%
991,046Dominican Republic
82%

Score Distribution

Percentile by Number Answered

Percent of People with Each Score

Your Score History

You have not taken this quiz